000 01153naa a22003257a 4500
001 BR6009562
003 BR-BrBNA
005 20240918173039.0
007 ta
008 230509b bl.||||| |||| 00| 0 por d
040 _aBR-BrBNA
_bpor
_cBiblioteca Nacional de Agricultura
041 _a(Pt)
072 _aF25; F22
_b3830
090 _aF25 BR6009562
100 1 _aCatani, R.A.
100 1 _aNascimento, A.C.
111 1 _a3. Reuniao Brasileira de Ciencia do Solo
_cRecife, PE (Brazil)
_d17 Jul 1951
245 1 _aSolubilidade de alguns fosfatos naturais [Quimica do solo]
260 3 _aRio de Janeiro, GB (Brasil):
_c1951.
500 _aAnais da 3. Reuniao Brasileira de Ciencia do Solo Rio de Janeiro, GB (Brasil): 1951. v. 1 p. 99-106 (BR6009562-AM)F25
650 _aFertilidade do solo
650 _aQuimica do solo
650 _aFertilizante fosfatado
650 _aFosfato
650 _aSolubilidade
650 _aAnalise do solo
773 0 _tAnais da 3. Reuniao Brasileira de Ciencia do Solo
_wF25 BR6009562
_gRio de Janeiro, GB (Brasil), 1951. v. 1 p. 99-106
909 _a202404
_bLucia
_c55
_dLucia Elande
942 _cAM
_2AGRIS
999 _c302644
_d302644